000 00583nam a2200217Ia 4500
003 IT-RoPAU
008 120407s9999 xx 000 0 und d
040 _aIT-RoPAU
040 _cIT-RoPAU
041 _aita
100 _aAdrienne von Speyr
245 _aL’Apocalisse. Meditazione sulla rivelazione nascosta.
250 _aMilano
260 _aJaca Book
260 _c1983
300 _c23 cm
490 _v1
600 _a"I° v.: Ap 1,1 - 11,18 pp. I-296 II° v.: Ap 11,19 - 22,21 pp. 297-634"
942 _cBK
999 _c337
_d337